1239 1090 1623 1291 1010 1494 1397 1724 1092 1486 1177 1189 1658 1036 1574 1159 1893 1604 1537 1693 1007 1432 1536 1150 1893 1042 1325 1927 1826 1791 1267 1212 1198 1676 1711 1283 1557 1123 1871 1722 1910 1833 1998 1218 1723 1222 1959 1149 1251 1893 1195 1681 1891 1846 1077 1524 1333 1222 1116 1154 1450 1829 1812 1565 1804 1024 1634 1752 1509 1286 1164 1575 1167 1829 1238 1122 1359 1097 1930 1232 1120 1733 1962 1279 1081 1058 1377 1744 1431 1828 1555 1358 1902 1083 1117 1564 1573 1993 1781 BCNSPRNW ULIB Ver.6.0+V

เปลี่ยนเป็นภาษาไทย

Change to English
 แสดงรายละเอียดบรรณานุกรม
  กลับหน้าหลัก

Brief Record : Get Marc (ISO 2709) : E-mail record : QR code < ปิดหน้าต่าง
LEADER : 00000nam 2200000uu 4500
001    13399123973
003     ULIB
008    141217s2556||||th 000 0 tha d
020    ^a9786165154000
060 04 ^aWH600^bห177ถ
100 0  ^aหมอไพร
245 10 ^aถนอมม้าม ยับยั้งสารพัดโรค /^cหมอไพร
250    ^aพิมพ์ครั้งที่ 1
260    ^aกรุงเทพฯ :^bเนชั่น อินเตอร์เนชั่นแนล เอ็ดดูเทนเมนท์,^c2556
300    ^a193 หน้า :^bภาพประกอบ ;^c21 ซม.
505 0  ^a^tรู้จักกระเพาะและม้าม - -^tสาเหตุที่ทำให้กระเพาะม้ามเกิดโรค - -^tม้ามเสื่อมก่อโรค - -^tประตูทวารของม้ามคือปาก - -^tโรคที่เกิดจากกระเพาะอาหาร - -^tแนวทางในการรักษาและสมุนไพรช่วยรักษาโรคกระเพาะม้าม
650  4 ^aการแพทย์แผนโบราณ^zจีน
650  4 ^aม้าม^xการดูแลและสุขวิทยา
650  4 ^aม้าม^xโรค^xการรักษา
700 0  ^aจิราวรรณ นันทพงศ์,^eบรรณาธิการ
945    ^p175^l0^i037367
945    ^p175^l0^i037368
945    ^p175^l0^i037369
999    ^aเกษร โพธิ์สุวรรณ
รายการนี้ยังไม่มีแท็ก
คุณยังไม่ได้ล็อกอิน คุณสามารถมีกิจกรรมร่วมกับเว็บไซต์ได้ แต่ต้องล็อกอินก่อน ::
  ล็อกอิน

รายการสื่อสารสนเทศ

ลำดับที่ ประเภท เลขเรียก/บาร์โค้ด สถานที่ สถานะ
1. วิทยาศาสตร์การแพทย์ และสุขภาพ
หนังสือสำรอง
สถานะ=หนังสือสำรอง
WH600 ห177ถ ฉ.1 
  Barcode: 037367
ห้องสมุดวิทยาเขตสวรรค์ประชารักษ์
►ส่วนจัดเก็บหนังสือเก่า สปร
บนชั้น
  ขอยืม
2. วิทยาศาสตร์การแพทย์ และสุขภาพ
วิทยาศาสตร์การแพทย์ และสุขภาพ
WH600 ห177ถ ฉ.2 
  Barcode: 037368
ห้องสมุดวิทยาเขตสวรรค์ประชารักษ์
►ส่วนจัดเก็บหนังสือเก่า สปร
บนชั้น
  ขอยืม
3. วิทยาศาสตร์การแพทย์ และสุขภาพ
วิทยาศาสตร์การแพทย์ และสุขภาพ
WH600 ห177ถ ฉ.3 
  Barcode: 037369
ห้องสมุดวิทยาเขตสวรรค์ประชารักษ์
►หนังสือทั่วไป
บนชั้น

รายการใกล้เคียง
    ผู้แต่ง [หมอไพร]

BibComment


ยังไม่เคยถูกคอมเมนท์

คอมเมนท์ทรัพยากรรายการนี้
  คอมเมนท์: ถนอมม้าม ยับยั้ง..


 Copyright 2026. Bcnsprnw @Library